| 000 | 01048nam a2200265 a 4500 | ||
|---|---|---|---|
| 001 | 39845 | ||
| 003 | BD-RjUL | ||
| 005 | 20211209053055.0 | ||
| 008 | 160419s2003 bg a|||| |||| 00| 0 ben d | ||
| 020 |
_a9840743929 _c: Tk. 150.00 |
||
| 035 | _a(BD-RjUL)39959 | ||
| 040 |
_aBD-RjUL _bben _cBD-RjUL _dBD-RjUL |
||
| 041 | _aben | ||
| 082 |
_223 _a891.444 _bHUA 2003 |
||
| 100 |
_aহুসেন, আবুল _9122747 |
||
| 245 | 0 | 0 |
_aআবুল হুসেন রচনাবলী / _cআবুল হুসেন; সম্পাদিত: আবুল কাসেম ফজলুল হক |
| 260 |
_aঢাকা : _bবাংলা একাডেমি, _c২০০৩. |
||
| 300 |
_aখণ্ড : _bচিত্র ; _c২২ সেমি. |
||
| 490 |
_aবাএ _v৪৩৮৪ |
||
| 505 | _aখণ্ড ১ -- | ||
| 650 |
_aবাংলা প্রবন্ধ _9122748 |
||
| 650 |
_aBengali Essays _9122749 |
||
| 700 |
_aহক, আবুল কাসেম ফজলুল, সম্পাদক _9122750 |
||
| 942 |
_2ddc _cBK |
||
| 999 |
_c39845 _d39845 |
||